000 00415nam a2200157 4500
001 120234
003 ES-MaACL
005 20230906191508.0
007 t|
008 070214s1973 sp r ||||1| spa d
100 1 _aPericoli, Ana María.
_991259
245 1 0 _aAraceli /
_cAna María Pericoli.
260 _aMadrid :
_bCiudad Nueva,
_c1973.
300 _a165 p. ;
_c18 cm.
852 _aES-MaACL
_jC-54475
_bR.87190
999 _c120234
_d120234